Rozpoznaj grę na NES (Pegasus) po zrzucie ekranu. - Statystyki

Ogólne statystyki
  • Ten quiz został rozwiązany 6 razy
  • Średni wynik to 12 z 24
Statystyki odpowiedzi
Obrazkowy Odpowiedź % Poprawnych
Contra
100%
Pac-Man
100%
Super Mario Bros
100%
Tetris
100%
Arkanoid
67%
Battlecity
67%
Donkey Kong
67%
Adventure Island
50%
Batman: The Video Game
50%
Castlevania
50%
Chip 'n Dale: Rescue Rangers
50%
Mega Man
50%
Micro Machines
50%
Ninja Gaiden
50%
The Fantastic Adventure of Dizzy
50%
Duck Hunt
33%
Final Fantasy
33%
Galaga
33%
Teenage Mutant Ninja Turtles
33%
The Legend of Zelda
33%
Excitebike
17%
Ice Climber
17%
Metal Gear
17%
Wild Gunman
17%
Nie znaleziono quizów pasujących do podanych kryteriów
Rozkład punktacji
Procent ludzi z każdym wynikiem
Percentyl według liczby udzielonych odpowiedzi
Twoja historia wyników
Nie rozwiązałeś tego quizu